Регионална библиотека "Любен Каравелов" - Русе

Нови новозаветни записки (Запис номер 173338)

MARC детайли
000 -Лидер
Контролно поле с фиксирана дължина 01461nam a2200385 c 4500
003 - Код на организацията, давaща контролен номер
Контролно поле BLK
005 - Дата и час на последна редакция
Контролно поле 20220225164156.0
008 - Елементи от данни с фиксирана дължина
fixed length control field 180411b bul|||||r ||||||| ||bul||
010 ## - Наследен системен номер
LC control number KNG00181730000
020 ## - Международен стандартен номер на книга ISBN
Международен стандартен номер на книга ISBN 978-619-7058-24-6
040 ## - Източник на каталожния запис
Идентификатор на билиотеката - собственик на записа BLK
041 ## - Код за език
Код за езика на текст/звукозапис или на отделно заглавие Български
Код за езика КДБФ Български
072 #7 - Код за тематичната категория
Код организация bullib
Код за тематична категория Н8400
Текст Българска поезия Н
072 #7 - Код за тематичната категория
Код организация bullib
Код за тематична категория Я
Текст Автографи
072 #7 - Код за тематичната категория
Код организация bullib
Код за тематична категория К
Текст Краезнание
072 #7 - Код за тематичната категория
Код организация bullib
Код за тематична категория РА
Текст Русенски автори
080 ## - УДК
Текстов определител УДК Българска литература
УДК код - определител по УДК 821.163.2
УДК определител -14
УДК - код + определител 821.163.2-14
100 1# - Редна дума - Автор
Автор Пенев, Пламен
Авторска отговорност първи автор
R(LIN) 268203
139 ## - Редно поле
Редна дума Пенев, Пламен
Авторски знак Пен - П 34
245 10 - Сведения за заглавието
Заглавие Нови новозаветни записки
Подзаглавни данни Кн. 1 -
Редно поле (дума) Пламен Пенев.
Том Кн. 1
Заглавие на том Дневник от другия ден
257 ## - Страна на издаване
Страна на създаване/издаване България
260 ## - Област на издателските данни
Година на издаване 2014 -
300 ## - Физическа характеристика
Размери/Мащаб 21 см
380 ## - Жанр
Жанр Худож. лит.
653 ## - Ключова дума – ненормативна
Ключова дума поеми
659 ## - Тематичен бюлетин
Тематичен бюлетин К
659 ## - Тематичен бюлетин
Тематичен бюлетин Н
659 ## - Тематичен бюлетин
Тематичен бюлетин Я
760 1# - Описание на основната серия
Редна дума на основното описание Пенев, Пламен
Място на издаване, издател и година Лени Ан, 2014
Страници - том 113 с.
Забележка - том Загл. на том от кор.
Заглавие Кн. 1 Дневник от другия ден
852 ## - Местоположение
Форматна сигнатура Цб 276761
852 ## - Местоположение
Форматна сигнатура К 821.163.2/П 34 П
856 4# - Електронен адрес и достъп
Електронен формат pdf - файл
856 4# - Електронен адрес и достъп
Електронен формат pdf - файл
999 ## - СИСТЕМНИ КОНТРОЛНИ НОМЕРА
Koha biblionumber 173338
Koha biblioitemnumber 173338
942 ## - АРТИКУЛИ
Вид на библиотечния материал Книги
Скрит в OPAC Не
Периодичен библиозапис Да
944 ## - СЪЗДАВАНЕ И РЕДАКЦИЯ на ЗАПИСА
Създаване/Редакция Създаване
Дата на регистрацията/редакция 14.09.2015
Статус, дата на статуса ф /
Служител, извършил регистрацията/редакцията Виолета_Тройчева
944 ## - СЪЗДАВАНЕ И РЕДАКЦИЯ на ЗАПИСА
Създаване/Редакция Редакция
Дата на регистрацията/редакция 13.07.2017
Статус, дата на статуса ф /
Служител, извършил регистрацията/редакцията Людмила_Стоянова
999 ## - СИСТЕМНИ КОНТРОЛНИ НОМЕРА
Koha biblioitemnumber 173338
Наличности
Код за отписване Код за изгубен артикул Код за повреда Коз за рестрикции Код за отдаване Артикулен № Име на библиотеката - собственик Име на библиотеката, в която се намира в момента Статус (Текущо местоположение) Дата на вписване в системата Местоположение - отдел Цена в лева Инвентарен номер Систематично азбучна сигнатура Баркод Номер на екземпляра Цена в евро Служебна бележка Служебен тип на артикула Източник на класификационната схема Номерация (Хронология)
  Не е изгубен Не е повреден без рестрикции ползва се в читалня 296266 Регионална библиотека "Любен Каравелов" Русе Регионална библиотека "Любен Каравелов" Русе Хранилище 2015-09-15 Хранилище 4.00 120000792500 Цб 276761 120000792500 1 2.05 Дост: Dp Вид: Д N: 26 Дата: 11.06.2015 Книги    
  Не е изгубен Не е повреден без рестрикции ползва се в читалня 296267 Регионална библиотека "Любен Каравелов" Русе Регионална библиотека "Любен Каравелов" Русе Краезнание 2017-06-22 Краезнание 5.00 120000812626 К 821.163.2/П 34 П 120000812626 2 2.56 Дост: DA Вид: А N: 25 Дата: 22.06.2017 Дата инв: 15.11.2017 Бележки инв: К2017 Книги Universal Decimal Classification Автограф: Пламен Пенев
Vip Innovations Ltd, Rousse, Bulgaria 2025